<?xml version="1.0" encoding="UTF-8"?>
<collection xmlns="http://www.loc.gov/MARC21/slim">
  <record>
    <leader>00000nam  2200000   4500</leader>
    <controlfield tag="001">INLIS000000000015749</controlfield>
    <controlfield tag="005">20230830031202</controlfield>
    <datafield tag="035" ind1="#" ind2="#">
      <subfield code="a">0010-0823000075</subfield>
    </datafield>
    <controlfield tag="007">ta</controlfield>
    <controlfield tag="008">230830################|##########|#|##</controlfield>
    <datafield tag="084" ind1="#" ind2="#">
      <subfield code="a">R 179 PIM II 2022</subfield>
    </datafield>
    <datafield tag="100" ind1=" " ind2="#">
      <subfield code="a">Mimin Jiwo Winanti</subfield>
    </datafield>
    <datafield tag="245" ind1="1" ind2="#">
      <subfield code="a">Percepatan Pemenuhan Standar Cara Distribusi Obat Yang Baik Melalui Sosialisasi Pendampingan Asistensi Sertifikasi (Smart) CDOB /</subfield>
      <subfield code="c">Mimin Jiwo Winanti</subfield>
    </datafield>
    <datafield tag="250" ind1="#" ind2="#">
      <subfield code="a">1</subfield>
    </datafield>
    <datafield tag="260" ind1="#" ind2="#">
      <subfield code="a">Jakarta :</subfield>
      <subfield code="b">Pusbangkom Pimnas dan Manajerial ASN,</subfield>
      <subfield code="c">2022</subfield>
    </datafield>
    <datafield tag="300" ind1="#" ind2="#">
      <subfield code="a">70 halaman :</subfield>
      <subfield code="b">ilus ;</subfield>
      <subfield code="c">30 cm</subfield>
    </datafield>
    <datafield tag="650" ind1="#" ind2="4">
      <subfield code="a">SMART CDOB</subfield>
    </datafield>
    <datafield tag="520" ind1="#" ind2="#">
      <subfield code="a">Sejalan dengan diterbitkannya UU No.1 tahun 2020 tentang Cipta Kerja dan peraturan pelaksanannya yaitu Peraturan Pemerintah No. 5 Tahun 2021 tentang Penyelenggaraan Perizinan Berusaha Berbasis Risiko dan Peraturan Badan POM Nomor 10 Tahun 2021 tentang Standar Kegiatan Usaha dan Produk pada Penyelenggaraan Peizinan Berusaha Berbasis Risiko Sektor Obat dan Makanan, Badan POM khususnya pelayanan publik sertifikasi CDOB diminta untuk melakukan percepatan pelayanan publik dengan tetap mengedapkan kualitas perizinan yang diterbitkan. .Dalam rangka mengawal implementasi Peraturan Badan POM No. 6 tahun 2020 tentang Pedoman Teknis CDOB, perlu dilakukan pengawalan penerapan standar CDOB di Instalasi Farmasi Pemerintah dalam rangka jaminan mutu, khasiat dan keamanan obat di seluruh sarana distribusi obat. SMART CDOB (Sosialisasi Pendampingan Asistensi Sertifikasi CDOB).</subfield>
    </datafield>
    <datafield tag="856" ind1="#" ind2="#">
      <subfield code="a">Perpustakaan LAN Pusat</subfield>
    </datafield>
  </record>
</collection>
